NPB プロ野球 300盗塁達成者 - Statistics

General Stats
  • This quiz has been taken 391 times
  • The average score is 9 of 31
Answer Stats
通算盗塁数 最終所属球団 氏名 % Correct
1065 阪急 福本豊
98%
381 阪神 赤星憲広
83%
343 東京ヤクルト 西川遥輝
62%
596 南海 広瀬叔功
51%
378 中日 荒木雅博
51%
342 福岡ソフトバンク 本多雄一
45%
477 阪神 高橋慶彦
40%
579 読売 柴田勲
39%
363 埼玉西武 松井稼頭央
39%
342 読売 松本匡史
37%
320 読売 片岡治大
35%
415 近鉄 大石大二郎
34%
303 福岡ダイエー 秋山幸二
32%
321 日本ハム 高木豊
30%
300 阪神 糸井嘉男
30%
369 中日 高木守道
29%
347 中日 中暁生
25%
319 ロッテ 張本勲
25%
363 ロッテ 西村徳文
18%
358 広島 石井琢朗
18%
350 阪神 吉田義男
17%
479 近鉄 木塚忠助
14%
327 読売 屋鋪要
14%
390 国鉄 飯田徳治
12%
456 広島 金山次郎
10%
352 福岡ダイエー 島田誠
10%
308 近鉄 ロベルト・バルボン
9%
381 毎日 呉昌征
8%
370 阪急 古川清蔵
5%
344 名古屋 坪内道典
5%
315 南海 森下整鎮
5%
No matching quizzes found
Score Distribution
Percent of People with Each Score
Percentile by Number Answered
Your Score History
You have not taken this quiz